Entre Brumas / (Registro nro. 24142)
[ vista simple ]
| 000 -LEADER | |
|---|---|
| fixed length control field | 00571nam a22001937a 4500 |
| 003 - CONTROL NUMBER IDENTIFIER | |
| control field | DO-CoUTE |
| 005 - DATE AND TIME OF LATEST TRANSACTION | |
| control field | 20260427174728.0 |
| 008 - FIXED-LENGTH DATA ELEMENTS--GENERAL INFORMATION | |
| fixed length control field | 260427b dr ||||| |||| 00| 0 spa d |
| 040 ## - CATALOGING SOURCE | |
| Original cataloging agency | DO-CoUTE |
| Language of cataloging | spa |
| Transcribing agency | DO-CoUTE |
| 082 ## - DEWEY DECIMAL CLASSIFICATION NUMBER | |
| Classification number | RD 861.5S267C |
| 100 1# - MAIN ENTRY--PERSONAL NAME | |
| Personal name | Saviñón, Petra |
| Relator term | Autor |
| 245 10 - TITLE STATEMENT | |
| Title | Entre Brumas / |
| Statement of responsibility, etc. | Petra Brumas |
| 260 ## - PUBLICATION, DISTRIBUTION, ETC. | |
| Place of publication, distribution, etc. | Republica Dominicana ; |
| Name of publisher, distributor, etc. | Editorial Abril, |
| Date of publication, distribution, etc. | 2006 |
| 300 ## - PHYSICAL DESCRIPTION | |
| Extent | 111 Paginas : |
| Dimensions | 23cm, |
| 504 ## - BIBLIOGRAPHY, ETC. NOTE | |
| Bibliography, etc. note | Incluye referencia bibliográfica e índice.<br/> |
| 650 #4 - SUBJECT ADDED ENTRY--TOPICAL TERM | |
| Topical term or geographic name entry element | Poema |
| 700 1# - ADDED ENTRY--PERSONAL NAME | |
| Personal name | Petra Serviñon |
| Relator term | Autor |
| 942 ## - ADDED ENTRY ELEMENTS (KOHA) | |
| Source of classification or shelving scheme | Dewey Decimal Classification |
| Koha item type | Libros |
| Withdrawn status | Lost status | Source of classification or shelving scheme | Damaged status | Not for loan | Collection code | Home library | Current library | Shelving location | Date acquired | Inventory number | Total Checkouts | Full call number | Barcode | Date last seen | Copy number | Price effective from | Koha item type |
|---|---|---|---|---|---|---|---|---|---|---|---|---|---|---|---|---|---|
| Dewey Decimal Classification | Colección Dominicana | Biblioteca UTECO | Biblioteca UTECO | En Estantería | 04/27/2026 | 023811 | RD 861.5S267C | 023811 | 04/27/2026 | Ej.1 | 04/27/2026 | Libros |
